Trapecio / (Registro nro. 13902)

Detalles MARC
000 -LEADER
fixed length control field 00881nam a2200265 a 4500
001 - CONTROL NUMBER
control field
003 - CONTROL NUMBER IDENTIFIER
control field DO-SdBNP
005 - DATE AND TIME OF LATEST TRANSACTION
control field 20211125102804.0
008 - FIXED-LENGTH DATA ELEMENTS--GENERAL INFORMATION
fixed length control field 091016t2006 dr 000 j spa d
020 ## - INTERNATIONAL STANDARD BOOK NUMBER
International Standard Book Number 9945427113
040 ## - CATALOGING SOURCE
Original cataloging agency DO-SdBNP
Language of cataloging spa
Transcribing agency BPMSU
082 ## - DEWEY DECIMAL CLASSIFICATION NUMBER
Classification number RD863.44
Item number Z39t 2006
Edition number 22
100 1# - MAIN ENTRY--PERSONAL NAME
Personal name Zayas, Noé,
Dates associated with a name 1969-
245 10 - TITLE STATEMENT
Title Trapecio /
Statement of responsibility, etc. Noé Zayas ; edición Armando Alexis Santana Chalas.
260 ## - PUBLICATION, DISTRIBUTION, ETC. (IMPRINT)
Place of publication, distribution, etc. Santo Domingo :
Name of publisher, distributor, etc. Secretaría de Estado de Cultura,
Date of publication, distribution, etc. 2006.
Name of publisher, distributor, etc.
300 ## - PHYSICAL DESCRIPTION
Extent 63 p. :
Other physical details il. ;
Dimensions 23 cm.
500 ## - GENERAL NOTE
General note Incluye datos biográficos del autor en la solapa de la cubierta.
586 ## - AWARDS NOTE
Awards note Premio nacional de cuentos "José Ramón López", 2006.
590 ## - LOCAL NOTE (RLIN)
Local note Inventariado, 2019/VM
650 #4 - SUBJECT ADDED ENTRY--TOPICAL TERM
Topical term or geographic name as entry element Cuentos dominicanos
650 #0 - SUBJECT ADDED ENTRY--TOPICAL TERM
Topical term or geographic name as entry element Literatura dominicana.
700 1# - ADDED ENTRY--PERSONAL NAME
Personal name Santana Chalas, Armando Alexis,
Relator term ed.
910 ## - USER-OPTION DATA (OCLC)
User-option data VMateo V.
942 ## - ADDED ENTRY ELEMENTS (KOHA)
Source of classification or shelving scheme Dewey Decimal Classification
Koha item type Libros
Existencias
Withdrawn status Lost status Source of classification or shelving scheme Damaged status Not for loan Collection code Home library Current library Date acquired Full call number Barcode Date last seen Price effective from Koha item type
    Dewey Decimal Classification     Colección Dominicana Biblioteca Pública Metropolitana Salomé Ureña Biblioteca Pública Metropolitana Salomé Ureña 11/25/2021 BPMSU CD RD863.5 Z39t 2006 BPMSU21110126 11/25/2021 11/25/2021 Libros